000 01370nam a2200277 a 4500
001 000542357
003 AM-YeHGA
005 20250618073019.0
008 070622s2007 ai a|||gr|||||||||0darm|d
020 _z978-99941-997-5-4
040 _aAM-YeHGA
041 0 _aarm
245 0 0 _aԼիպարիտ Սարգսյան :
_bԵս էլ՝ իմ ճամփով : Կենսամատենագիտություն /
_cԿազմ.՝ Գ. Եդիգարյան ; Խմբ.՝ Հ. Կարապետյան ; "Հայ դպրություն" ՀԿ ; Եր. Ավ. Իսահակյանի անվ. կենտր. գրադ.
260 _aԵրևան :
_bՀանրագիտարան-Արմենիկա,
_c2007.
300 _a170 էջ :
_bնկ. ;
_c20 սմ.
504 _aՑանկեր, էջ՝ 138-169
600 1 4 _aՍարգսյան, Լիպարիտ Տիգրանի,
_d1938-2023
_91060
650 1 4 _aԿենսամատենագիտություն
_95656
700 1 _aԵդիգարյան, Գայանե
_eկազմ.
_4com
700 1 _aԿարապետյան, Հասմիկ
_eխմբ.
_4edt
710 2 _aԵրևանի Ավ. Իսահակյանի անվան կենտրոնական գրադարան
710 2 _a"Հայ դպրություն" հասարակական կազմակերպություն
710 2 _a"Հայ դպրություն" հասարակական կազմակերպություն
942 _2udc
_cBK
090 _c205212
999 _c203717
_d203717